Statystyki dla Jaka to piosenka - zgadnij po wersach

Kliknij tutaj aby rozwiązać quiz!

Ogólne statystyki

  • Ten quiz został rozwiązany 56 razy
  • Średni wynik to 8 z 94

Statystyki odpowiedzi

TekstOdpowiedź% Poprawnych
Wykonawca:Mata
58%
"leci Słoń, leci KęKę, głupim cwaniakom ch*j zawsze w szczękę"GOMBAO 33
56%
Wykonawca:PRO8L3M
44%
Wykonawca:White 2115
44%
"Znam się na sztukach Stewardessach, pigułach, SMS'ach, na nutach"Ground Zero
42%
"Taki szałas na hałas, i zasadzę brzozę tuż za rogiem, żebyś latem miała cień"Dom
40%
"Masz powiększone oczy, och, a w nich widzę wciąż blask, się pochwal swym znajomym, och, że cię przeleciał ____"Mogę dziś umierać
37%
Wykonawca:Bitamina
35%
Wykonawca:Mata
29%
"A pamiętasz jak nieraz przed spaniem rozmawialiśmy o przeróżnych rzeczach, i czasem głupich nawet"Żółte flamastry i grube katechetki
29%
Wykonawca:Gedz
19%
"Dla niej super jak Mario jesteś, rozpoznaje cię po szeleście jak ortalion na mieście"Kosmita
19%
Wykonawca:Taco Hemingway
19%
"Mój ziom ma dziecko, dziecko ma zabawki, a wśród zabawek jest Gąsienica, która recytuje alfabet, autentyk Jak ją wcisnąć w brzuch to gra piosenki"To nic nie znaczy
19%
"To idzie do wszystkich twórców... Wróć! AR-TYS-TÓW, co żyją pod wpływem impulsu, gdzieś na skraju krainy zmysłów"Będziemy dziećmi
17%
Wykonawca:Łona i Webber
17%
Wykonawca:Zeus
17%
"Szm*ty na melanżach coś gadają, niech wypi*rdalają, nic nie słyszę, no bo znowu mój kawałek grają, tak napi*rdalają"Safari
15%
"Ona mu mówi przez telefon, że już dzisiaj jest zajęta gdy zamawia aperol"Magenta
13%
Wykonawca:Pezet
13%
"Ale i tak wolę Miley, no i Billie Eilish"TĘSKNIEZASTARYMKANYE
13%
"Ty, ile ty masz tych Riot Pointów? 900? Przecież ty nic za to nie kupisz"Toy Story
12%
Wykonawca:Young Multi
12%
"Byłem we wszystkich Kebab Kingach, no i Bobby Burgerach, pytałem taksówkarzy dokąd młodych wozi się teraz"(przerywnik)
10%
Wykonawca:Guzior
8%
Wykonawca:Oki
8%
WykonawcaBedoes, Rafonix
6%
"Wychodzę ku*wa se do sklepu, widzę ku*wa jakąś s*kę, o ch*j ku*wa chodzi, ja pierd*lę"HaWuDePe
6%
Wykonawca:Hodak
6%
"Najedzony podzielę się tipem no i radą, czyli tipem, no bo syte ma być zawsze moje crew"Justin Bieber
6%
"Na gastrówie w Krasti Krabie, upaleni jak te szmaty, Skalmar policyjna p*ła, odj*biemy go z armaty"KRABOBURGER
6%
"Czekolada smaczne orzechy, zdrowe mleko w lekkim kremie"Orzechy
6%
"Włosy szarpię jak dziki, mam łeb poryty, bądź na to gotowa - wzywaj security!"Placebo
6%
Wykonawca:Quebonafide, Natalia Szroeder
6%
Wykonawca:Salvador
6%
Wykonawca:schafter
6%
Wykonawca:Taco Hemingway
6%
Wykonawca:Taconafide
6%
"Spośród Wilków Młodych wyszedłem i widzę, że wszystko jest ładne, a lubię tylko to, co brzydkie"Uppercut
6%
Wykonawca:ZetHa
6%
Wykonawca:Adi Nowak, Dziarma
4%
Wykonawca:Alkopoligamia
4%
"Wsiadam, puszczam mu zwrotę, buja się bania, bo rzucam mu ogień, z pasów się gapi już jakiś przechodzień"Benevento
4%
"Zaraziłem się muzyką od kołyski aż po grób, choć rozwiodłem się z imprezą bardzo huczny był nasz ślub"Co ostatnie a co pierwsze
4%
"Znów rapuję o tym samym, ale tylko tyle znam, aye, odpalony notes, sobie stoję w tyle sam"Głupi byt
4%
"Gdybym nie wkładał ręki w ul, kłucie by było lekkie, ale wykładam wielki ch*j na to, co jest bezpieczne"Incepcja
4%
"I nie wiem czy to miłość gdy jej rośnie tętno, wyjątkowo szybko jakbym depnął Enzo"Oh Wow
4%
Wykonawca:Piotr Cartman
4%
Wykonawca:Rasmentalism
4%
"Twoją pannę mam za dz*wkę, jak ją nocą j*bię"Real_Quick
4%
Wykonawca:ReTo
4%
"Ej Halo? Przyszedł przelew, przyszło siano"Trap
4%
"Nieprawdopodobnie jak po veritaserum, flow niespotykane jak kumple z liceum"Wyjdziesz na dwór?
4%
Wykonawca:Zabson
4%
"Autodestro, izolacja, wciąż w Warszawie, wciąż na blokach, ale może jeszcze kiedyś się poprawię jak adwokat"Zaufanie
4%
"Zbiegam po klatce no i słyszę krzyki, awantura za sąsiadów drzwiami, jak kiedyś będzie tam cisza, Stwierdzę, że zaj*bali się sami"A nie mówiłem
2%
"Bass siać ma terror nie głaskać na miękko, a Twój jest Materną, mój tłusty jak Wojciech Mann"Bit forte
2%
Wykonawca:Borixon, Kękę
2%
"Japa szm*to, dawaj mnie flakon, albo zdejmujesz bryle albo idę w kimę"Daj alkohol (Stójka czy parter)
2%
"Yo! Chyba wiesz kto tu jest kiedy wchodzi taki drop, znowu sypie się strop, typy chcą być jak my ale wciąż gubią trop"Dawaj na parkiet
2%
Wykonawca:Don Kasjo
2%
"Nie zrobię ci foci na snapik, choć jestem tu aparatem"Fanka
2%
"Wpinaj pady do laptopa ej, zaraz pogramy w Fifsona, przy tym jaramy gibona, po czym szamamy Vifona"FREESTYLE
2%
"Jak mam zebrać się do kupy po tym g*wnie w mojej głowie, jak mam codziennie być skuty jeśli głowa ciągle płonie"Impreza
2%
"Nie padało gdy Noe budował Arkę, nie dostałem ryby, ani wędki, dziś mam super markę, dziś nie słyszę skomlenia z podziemia, tych odgłosów z bagna, a nawet jak usłyszę chuja to zmienia jak viagra"jedna wiara jeden skład 2
2%
Wykonawca:Kukon
2%
"Nie mam czasu na głupoty, do Nintendo wkładam cartridge, moje mixy - wszystko na styk"miami 1999
2%
Wykonawca:młodszy brat
2%
"Z blantem na przelocie, palę kiepę, piję piwo, na zawsze szacunek, honor, lojalność, blanciwo"ogrody po blantach
2%
Wykonawca:olszakumpel
2%
Wykonawca:Pawbeats, Dwa Sławy
2%
Wykonawca:PlanBe
2%
Wykonawca:Quebonafide
2%
"Nie chciałbyś być w moich butach, uh, za duży stres, zastanów się czego szukasz"Sezon
2%
Wykonawca:Sobel
2%
Wykonawca:Solar
2%
"U mnie lipa, zadzwoń do Łukasza On powinien mieć mocarnego Barabasza"TALIB 30
2%
Wykonawca:DJ Wielki H*j
0%
"Cały na czarno ubrany lubię minimalizm i mini kiecki, kiedy wspominam fascynacje nimi, czuję się ku*ewsko źle z tym"Dowód
0%
Wykonawca:Gverilla, Kuba Knap
0%
"To jest chyba pewne, coś jest we mnie, jako dzieciak zajadałem się ananasami z GMO"Hip-Hop
0%
Wykonawca:Jan-rapowanie, Szpaku
0%
"U mnie też leci git jak popatrzę o rok w tył, no to ku*wa, serio joł spełniają się sny, mamy siłę jak Włodi i Eis"Jan-szpakowanie 2
0%
Wykonawca:Kolega, Lylu
0%
"Ty myślałeś jestem gejem, przecież ja nie noszę stringów"Król
0%
Wykonawca:Lanek, Żabson, Kizo, Smolasty
0%
Wykonawca:Miły ATZ, Ginger
0%
"Jointy, alkohole, mój crew, pale sobie szczyty, w studiu, potem jade dalej-wrrrum-wrrrum, w mojej bani czuje luz luz"Moja marka
0%
Wykonawca:Otsochodzi, schafter, Ten Typ Mes
0%
Wykonawca:Pater
0%
Wykonawca:Popkiler Młode Wilki 7
0%
"Nie rozliczam się z jutrem już, to tyra dla moich księgowych, będę tu, ile bym nie zrobił i nie zarobił"Sukces (errata)
0%
"Wyczuwam dziwny prąd w powietrzu, kalejdoskop twych emocji mi wypada z rąk, ile masz w sobie ukrytych talentów"Świetne jak Ty
0%
Wykonawca:Szopeen
0%

Rozkład punktacji

Percentyl według liczby udzielonych odpowiedzi

Procent ludzi z każdym wynikiem

Twoja historia wyników

Nie rozwiązałeś tego quizu